Tout les hommes du match des 8èmes de final de l'Euro 2024 - Statistiques

Statistiques générales
  • Ce quiz a été pris 51 fois
  • Le résultat moyen est 5 sur 8
Statistiques - réponses
Match Homme du match % Correct
France 1 - 0 Belgique Jules Koundé
88%
Roumanie 0 - 3 Pays-Bas Cody Gakpo
81%
Angleterre 2 - 1 Slovaquie (a.p.) Jude Bellingham
81%
Portugal 0 - 0 Slovénie (t.a.b 3-0) Diogo Costa
67%
Espagne 4 - 1 Géorgie Rodri
60%
Autriche 1 - 2 Turquie Merih Demiral
58%
Allemagne 2 - 0 Danemark Antonio Rüdiger
50%
Suisse 2 - 0 Italie Ruben Vargas
46%
Aucun quiz correspondant
Distribution des résultats
% des personnes avec chaque résultat
Percentile par nombre de réponses
Votre historique - résultats
Vous n’avez pas pris ce quiz